Library Banner

Classical myth (Record no. 26986)

MARC details
000 -LEADER
fixed length control field 00435nam a2200181Ia 4500
001 - CONTROL NUMBER
control field 26832
008 - FIXED-LENGTH DATA ELEMENTS--GENERAL INFORMATION
fixed length control field 140414s9999 xx 000 0 und d
020 ## - INTERNATIONAL STANDARD BOOK NUMBER
International Standard Book Number 0-13-088442-1
040 ## - CATALOGING SOURCE
Transcribing agency PK-LaUMT
082 ## - DEWEY DECIMAL CLASSIFICATION NUMBER
Classification number 292.13
Item number POW-C
100 ## - MAIN ENTRY--PERSONAL NAME
Personal name Barry B. Powell
245 ## - TITLE STATEMENT
Title Classical myth
Statement of responsibility, etc Barry B. Powell
250 ## - EDITION STATEMENT
Edition statement 3rd
260 ## - PUBLICATION, DISTRIBUTION, ETC. (IMPRINT)
Place of publication, distribution, etc Upper Saddle River,USA:
Name of publisher, distributor, etc Prentice Hall,
Date of publication, distribution, etc 2001
300 ## - PHYSICAL DESCRIPTION
Extent 683 p.
546 ## - LANGUAGE NOTE
Language note EN
942 ## - ADDED ENTRY ELEMENTS (KOHA)
Koha item type Books
Holdings
Withdrawn status Lost status Damaged status Not for loan Home library Current library Date acquired Total Checkouts Full call number Barcode Date last seen Date checked out Price effective from Koha item type
        UMT Main Campus UMT Main Campus 2014-04-14 1 292.13 POW-C 30180 2022-01-31 2021-10-05 2014-04-25 Books